Biggest Cities With Exceptions - Extreme - Statistics

General Stats
  • This quiz has been taken 1,515 times
  • The average score is 227 of 500
Answer Stats
# Population Country City % Correct
2 14,025 k Turkey Istanbul
98%
11 8,755 k United Kingdom London
98%
3 12,229 k Russia Moscow
98%
18 7,740 k Egypt Cairo
97%
9 9,608 k Indonesia Jakarta
97%
8 9,887 k Peru Lima
97%
13 8,556 k Mexico Mexico City
97%
14 8,537 k United States New York City
97%
21 6,520 k Brazil Rio de Janeiro
97%
4 11,998 k Brazil São Paulo
97%
7 9,904 k South Korea Seoul
97%
10 9,273 k Japan Tokyo
97%
17 7,861 k South Africa Johannesburg
96%
26 5,282 k Russia St. Petersburg
96%
29 4,605 k Australia Sydney
96%
12 8,694 k Iran Tehran
96%
30 4,588 k Turkey Ankara
95%
22 6,516 k Iraq Baghdad
95%
24 5,687 k Thailand Bangkok
95%
15 8,064 k Colombia Bogotá
95%
31 4,459 k Australia Melbourne
95%
20 6,562 k Chile Santiago de Chile
95%
40 3,520 k Germany Berlin
94%
42 3,431 k South Africa Cape Town
94%
6 11,086 k Bangladesh Dhaka
94%
16 8,048 k Nigeria Lagos
94%
36 3,976 k United States Los Angeles
94%
48 3,166 k Spain Madrid
94%
25 5,607 k Singapore Singapore
94%
47 3,169 k Greece Athens
93%
23 5,880 k Vietnam Ho Chi Minh City
93%
55 2,926 k Ukraine Kiev
93%
69 2,696 k Taiwan Taipei
93%
34 4,028 k Egypt Alexandria
92%
87 2,317 k Vietnam Hanoi
92%
1 14,910 k Pakistan Karachi
92%
70 2,691 k Japan Osaka
92%
27 5,188 k Saudi Arabia Riyadh
92%
58 2,873 k Italy Rome
92%
19 7,274 k D.R. Congo Kinshasa
91%
67 2,732 k Canada Toronto
91%
56 2,890 k Argentina Buenos Aires
90%
44 3,360 k Morocco Casablanca
90%
68 2,705 k United States Chicago
90%
37 3,962 k Afghanistan Kabul
90%
49 3,134 k Kenya Nairobi
90%
80 2,401 k United Arab Emirates Dubai
89%
124 1,780 k Philippines Manila
89%
45 3,273 k Ethiopia Addis Ababa
88%
142 1,609 k Spain Barcelona
88%
54 2,935 k Brazil Brasília
88%
88 2,303 k United States Houston
88%
33 4,365 k Tanzania Dar es Salaam
87%
258 1,015 k Pakistan Islamabad
87%
5 11,126 k Pakistan Lahore
87%
182 1,352 k Italy Milan
87%
93 2,220 k France Paris
87%
105 1,977 k Australia Perth
87%
75 2,581 k North Korea Pyongyang
87%
129 1,754 k Poland Warsaw
87%
84 2,364 k Algeria Algiers
86%
114 1,883 k Romania Bucharest
86%
101 2,085 k Venezuela Caracas
86%
191 1,318 k United States Dallas
86%
110 1,937 k Yemen Sana'a
86%
116 1,868 k Austria Vienna
86%
128 1,759 k Hungary Budapest
85%
176 1,415 k Syria Damascus
85%
123 1,787 k Germany Hamburg
85%
97 2,130 k Cuba Havana
85%
134 1,705 k Canada Montreal
85%
170 1,450 k Germany Munich
85%
317 871 k United States San Francisco
84%
469 631 k Canada Vancouver
84%
211 1,203 k United Arab Emirates Abu Dhabi
83%
427 673 k United States Boston
83%
91 2,248 k Australia Brisbane
83%
71 2,647 k Senegal Dakar
83%
106 1,975 k Belarus Minsk
83%
143 1,608 k Ecuador Quito
83%
41 3,449 k South Korea Busan
82%
275 970 k Italy Naples
82%
102 2,070 k Ghana Accra
81%
119 1,812 k Jordan Amman
81%
138 1,650 k Lebanon Beirut
81%
78 2,480 k Colombia Medellín
81%
74 2,582 k Dominican Republic Santo Domingo
81%
195 1,296 k Denmark Copenhagen
80%
177 1,411 k Sudan Khartoum
80%
73 2,584 k Angola Luanda
80%
148 1,568 k United States Philadelphia
80%
175 1,415 k Costa Rica San José
80%
255 1,025 k United States San Jose
80%
400 704 k United States Seattle
80%
85 2,353 k Uzbekistan Tashkent
80%
420 681 k United States Washington, D.C.
80%
217 1,192 k Belgium Brussels
79%
160 1,501 k Mexico Guadalajara
79%
43 3,431 k Saudi Arabia Jeddah
79%
155 1,535 k Saudi Arabia Mecca
79%
141 1,615 k United States Phoenix
79%
162 1,495 k New Zealand Auckland
78%
230 1,127 k United Kingdom Birmingham
78%
198 1,281 k Czech Republic Prague
78%
378 733 k Germany Frankfurt am Main
77%
137 1,650 k Somalia Mogadishu
77%
178 1,407 k United States San Diego
77%
231 1,126 k Libya Tripoli
77%
357 776 k Nigeria Abuja
76%
61 2,786 k South Africa Durban
76%
192 1,306 k Malaysia Kuala Lumpur
76%
368 759 k Bolivia La Paz
76%
28 4,729 k Myanmar Yangon
76%
329 845 k Netherlands Amsterdam
75%
262 1,006 k Kazakhstan Astana
75%
207 1,229 k Azerbaijan Baku
75%
407 693 k United States Denver
75%
282 956 k Qatar Doha
75%
59 2,848 k Turkey Izmir
75%
193 1,305 k Uruguay Montevideo
75%
89 2,296 k Japan Nagoya
75%
126 1,763 k South Africa Pretoria
75%
188 1,324 k Bulgaria Sofia
75%
291 936 k Sweden Stockholm
75%
32 4,395 k Côte d'Ivoire Abidjan
74%
194 1,298 k Australia Adelaide
74%
223 1,167 k Serbia Belgrade
74%
77 2,524 k Brazil Belo Horizonte
74%
205 1,239 k Canada Calgary
74%
266 994 k Guatemala Guatemala City
74%
242 1,061 k Germany Cologne
73%
221 1,174 k Mexico Monterrey
73%
109 1,952 k Japan Sapporo
73%
181 1,373 k Congo (Rep.) Brazzaville
72%
428 673 k United States Detroit
72%
323 858 k France Marseille
72%
306 887 k Italy Turin
72%
151 1,557 k Venezuela Valencia
72%
353 790 k Spain Valencia
72%
65 2,766 k Cameroon Yaoundé
72%
96 2,132 k Syria Aleppo
71%
293 933 k Canada Edmonton
71%
292 934 k Canada Ottawa
71%
310 883 k Israel Jerusalem
70%
286 948 k United States Austin
69%
83 2,384 k Colombia Cali
69%
165 1,485 k Zimbabwe Harare
69%
158 1,507 k Uganda Kampala
69%
263 1,003 k Nepal Kathmandu
69%
430 667 k Norway Oslo
69%
204 1,243 k Cambodia Phnom Penh
69%
163 1,493 k United States San Antonio
69%
237 1,082 k Georgia Tbilisi
69%
363 765 k Poland Kraków
68%
239 1,075 k Armenia Yerevan
68%
125 1,773 k Kazakhstan Almaty
67%
39 3,669 k Bangladesh Chittagong
67%
244 1,056 k Sierra Leone Freetown
67%
215 1,194 k Japan Hiroshima
67%
166 1,475 k Japan Kyoto
67%
130 1,747 k Zambia Lusaka
67%
98 2,119 k Brazil Manaus
67%
235 1,100 k Saudi Arabia Medina
67%
260 1,011 k Ukraine Odessa
67%
314 876 k Haiti Port-au-Prince
67%
140 1,634 k Brazil Recife
67%
185 1,334 k Madagascar Antananarivo
66%
120 1,810 k Mali Bamako
66%
82 2,389 k Burkina Faso Ouagadougou
66%
52 2,953 k Brazil Salvador
66%
463 635 k Finland Helsinki
65%
60 2,829 k Nigeria Kano
65%
203 1,257 k Mozambique Maputo
65%
229 1,145 k Mongolia Ulaanbaatar
65%
467 633 k United States Las Vegas
64%
250 1,034 k Nicaragua Managua
64%
296 929 k Morocco Marrakech
64%
455 640 k United States Portland
64%
164 1,485 k Brazil Porto Alegre
64%
464 635 k Netherlands Rotterdam
64%
276 966 k Kyrgyzstan Bishkek
63%
111 1,934 k Togo Lomé
63%
256 1,022 k Liberia Monrovia
63%
409 691 k Spain Seville
63%
169 1,456 k Russia Yekaterinburg
63%
136 1,661 k Guinea Conakry
62%
90 2,278 k Ecuador Guayaquil
62%
174 1,439 k Ukraine Kharkiv
62%
180 1,386 k Mexico Tijuana
62%
38 3,725 k Japan Yokohama
62%
72 2,627 k Brazil Fortaleza
61%
497 603 k United Kingdom Glasgow
61%
66 2,765 k Indonesia Surabaya
61%
245 1,052 k Honduras Tegucigalpa
61%
234 1,112 k Morocco Fez
60%
458 639 k Tunisia Tunis
60%
413 688 k Croatia Zagreb
60%
488 612 k Germany Düsseldorf
59%
312 881 k United States Jacksonville
59%
202 1,262 k Russia Nizhny Novgorod
59%
146 1,587 k Argentina Córdoba
58%
283 951 k Chad N'Djamena
58%
336 828 k Turkmenistan Ashgabat
57%
486 614 k United States Baltimore
57%
322 859 k Rwanda Kigali
57%
343 807 k Greece Thessaloniki
57%
81 2,395 k Indonesia Bandung
56%
297 927 k Ukraine Donetsk
56%
269 978 k Niger Niamey
56%
453 641 k Latvia Riga
56%
476 624 k Germany Stuttgart
56%
241 1,068 k Turkey Antalya
55%
173 1,440 k Brazil Belém
55%
332 842 k United States Charlotte
55%
321 860 k United States Columbus
55%
346 803 k Tajikistan Dushanbe
55%
324 855 k United States Indianapolis
55%
226 1,161 k Malawi Lilongwe
55%
441 653 k United States Memphis
55%
301 915 k Kenya Mombasa
55%
257 1,016 k Russia Volgograd
55%
63 2,768 k Cameroon Douala
54%
152 1,539 k Japan Fukuoka
54%
108 1,961 k Iran Isfahan
54%
433 661 k United States Nashville
54%
144 1,603 k Russia Novosibirsk
54%
315 876 k South Africa Port Elizabeth
54%
384 723 k Mexico Cancún
53%
402 704 k Gabon Libreville
53%
381 728 k Ukraine Lviv
53%
298 922 k Philippines Cebu
52%
206 1,232 k Russia Kazan
52%
94 2,198 k Venezuela Maracaibo
52%
426 674 k Italy Palermo
52%
209 1,224 k Colombia Barranquilla
51%
112 1,908 k Brazil Curitiba
51%
76 2,560 k Nigeria Ibadan
51%
280 958 k Mauritania Nouakchott
51%
53 2,936 k Philippines Quezon City
51%
359 775 k Eritrea Asmara
50%
79 2,466 k South Korea Daegu
50%
354 789 k Indonesia Denpasar
50%
57 2,890 k South Korea Incheon
50%
51 3,001 k Iran Mashhad
50%
161 1,498 k Mexico Puebla
50%
189 1,323 k Argentina Rosario
50%
480 620 k Laos Vientiane
50%
127 1,761 k Yemen Aden
49%
187 1,330 k Iraq Basra
49%
46 3,204 k Pakistan Faisalabad
49%
154 1,537 k Japan Kobe
49%
99 2,098 k Indonesia Medan
49%
190 1,321 k Iraq Mosul
49%
232 1,125 k Russia Rostov-on-Don
49%
417 683 k United States El Paso
48%
50 3,022 k Egypt Giza
47%
219 1,178 k Russia Omsk
46%
171 1,442 k Bolivia Santa Cruz
46%
233 1,116 k Russia Ufa
46%
398 705 k Canada Winnipeg
46%
121 1,800 k Turkey Bursa
45%
271 976 k Ukraine Dnipro
45%
459 638 k United States Oklahoma City
45%
100 2,098 k Pakistan Rawalpindi
45%
287 948 k Morocco Tangier
45%
492 607 k Russia Vladivostok
45%
477 623 k Central African Republic Bangui
44%
265 1,001 k Libya Benghazi
44%
208 1,226 k Myanmar Mandalay
44%
222 1,170 k Russia Samara
44%
404 697 k Poland Łódź
43%
345 803 k Algeria Oran
43%
247 1,048 k Russia Perm
43%
261 1,006 k Nigeria Port Harcourt
42%
179 1,398 k Mexico Ciudad Juárez
41%
228 1,147 k Nigeria Benin City
40%
303 903 k Saudi Arabia Dammam
40%
184 1,344 k Philippines Davao
40%
149 1,566 k Iran Shiraz
40%
268 983 k Colombia Cartagena
39%
62 2,779 k Taiwan Kaohsiung
39%
308 885 k Brazil Natal
39%
360 771 k Vietnam Da Nang
38%
103 2,035 k Ghana Kumasi
38%
197 1,283 k D.R. Congo Lubumbashi
38%
225 1,162 k Brazil Campinas
37%
325 854 k United States Fort Worth
37%
133 1,733 k Pakistan Hyderabad
37%
274 970 k Chile Valparaíso
37%
214 1,199 k Russia Chelyabinsk
36%
423 679 k Benin Cotonou
36%
213 1,201 k Iran Qom
36%
435 661 k Spain Zaragoza
36%
157 1,510 k Turkey Gaziantep
35%
199 1,278 k Mexico León
35%
337 827 k Mexico Mérida
35%
150 1,559 k Iran Tabriz
35%
461 638 k Poland Wroclaw
35%
135 1,663 k Turkey Adana
34%
251 1,033 k Argentina Mendoza
34%
238 1,082 k Japan Sendai
34%
326 853 k Iraq Erbil
33%
313 881 k Russia Krasnodar
33%
35 3,979 k Taiwan New Taipei City
33%
270 978 k Hong Kong Victoria
33%
107 1,970 k Pakistan Peshawar
32%
252 1,031 k Brazil São Luis
32%
482 616 k United States Louisville
31%
186 1,331 k Indonesia Makassar
31%
460 638 k Australia Gold Coast
30%
92 2,241 k Hong Kong Kowloon
30%
200 1,275 k United Arab Emirates Sharjah
30%
64 2,767 k Taiwan Taichung
30%
318 869 k Peru Arequipa
29%
168 1,461 k Brazil Goiânia
29%
236 1,083 k Russia Krasnoyarsk
29%
264 1,001 k Pakistan Quetta
29%
330 845 k Russia Saratov
29%
249 1,040 k Russia Voronezh
29%
115 1,872 k Pakistan Multan
28%
396 708 k Mexico Acapulco
27%
444 653 k Syria Homs
27%
475 624 k Russia Irkutsk
27%
220 1,175 k Turkey Konya
27%
172 1,441 k Indonesia Palembang
27%
305 888 k Mexico Chihuahua
25%
113 1,886 k Taiwan Tainan
25%
468 632 k Bolivia Cochabamba
24%
159 1,503 k South Korea Gwangju
24%
117 1,850 k Sudan Omdurman
23%
156 1,520 k Indonesia Semarang
22%
104 2,027 k Pakistan Gujranwala
21%
281 957 k Malawi Blantyre
20%
210 1,214 k D.R. Congo Mbuji-Mayi
20%
456 640 k Honduras San Pedro Sula
20%
240 1,071 k Venezuela Barquisimeto
19%
167 1,475 k Japan Kawasaki
19%
389 719 k Japan Okayama
19%
272 972 k Japan Chiba
18%
153 1,538 k South Korea Daejeon
18%
379 731 k Mexico Mexicali
18%
395 711 k Russia Tolyatti
18%
302 905 k Turkey Kayseri
17%
341 810 k Japan Niigata
17%
309 884 k Argentina San Miguel de Tucumán
17%
367 760 k Nigeria Kaduna
16%
289 943 k Iraq Kirkuk
16%
393 715 k Congo (Rep.) Pointe-Noire
16%
201 1,264 k Japan Saitama
16%
366 762 k Mexico San Luis Potosí
16%
348 800 k Peru Trujillo
16%
362 766 k Mexico Aguascalientes
15%
320 862 k Brazil Campo Grande
15%
361 769 k Vietnam Hai Phong
15%
300 916 k Turkey Mersin
15%
386 722 k Canada Mississauga
15%
224 1,167 k South Korea Ulsan
15%
371 751 k Ukraine Zaporozhye
15%
86 2,335 k Indonesia Bekasi
14%
443 653 k Zimbabwe Bulawayo
14%
131 1,742 k Mexico Ecatepec
14%
350 798 k Japan Hamamatsu
14%
279 961 k Japan Kitakyushu
14%
472 627 k Argentina Salta
14%
95 2,148 k Taiwan Taoyuan
14%
490 608 k Russia Yaroslavl
14%
338 822 k Nigeria Jos
13%
416 683 k D.R. Congo Kisangani
13%
376 741 k Japan Kumamoto
13%
333 840 k Argentina La Plata
13%
122 1,799 k Indonesia Tangerang
13%
218 1,185 k Iran Ahvaz
12%
295 930 k Turkey Diyarbakir
12%
355 778 k Mexico Hermosillo
12%
388 720 k D.R. Congo Kananga
12%
479 620 k Argentina Mar del Plata
12%
397 706 k Tanzania Mwanza
12%
399 705 k Japan Shizuoka
12%
294 932 k Kazakhstan Shymkent
12%
373 745 k Russia Tyumen
12%
474 625 k Russia Ulyanovsk
12%
394 714 k Burkina Faso Bobo-Dioulasso
11%
415 685 k Turkey Eskisehir
11%
450 646 k Russia Izhevsk
11%
342 809 k Brazil João Pessoa
11%
500 600 k Japan Kagoshima
11%
248 1,046 k Bangladesh Khulna
11%
253 1,028 k Brazil Maceió
11%
446 652 k Mexico Torreón
11%
284 950 k Indonesia Bogor
10%
351 797 k Chile Concepción
10%
328 847 k Bolivia El Alto
10%
356 778 k Nigeria Ilorin
10%
349 800 k Indonesia Padang
10%
452 642 k Mexico Querétaro
10%
347 801 k Brazil Teresina
10%
406 695 k Nigeria Zaria
10%
385 723 k Nigeria Enugu
9%
183 1,349 k Brazil Guarulhos
9%
451 643 k Malaysia Johor Bahru
9%
483 616 k Russia Khabarovsk
9%
457 639 k Mozambique Nampula
9%
364 764 k Bangladesh Rajshahi
9%
411 689 k Brazil São José dos Campos
9%
484 615 k North Korea Chongjin
8%
145 1,592 k Iran Karaj
8%
429 670 k Zambia Kitwe
8%
339 820 k Indonesia Malang
8%
304 890 k Morocco Salé
8%
495 605 k Qatar Al Rayyan
7%
316 873 k Indonesia Bandar Lampung
7%
466 633 k Russia Barnaul
7%
299 918 k Indonesia Batam
7%
375 741 k Somalia Hargeysa
7%
447 650 k Brazil Aracaju
6%
401 704 k North Korea Hamhung
6%
288 947 k Iran Kermanshah
6%
259 1,012 k Sudan Khartoum North
6%
491 608 k Mexico Morelia
6%
311 882 k Indonesia Pekanbaru
6%
365 762 k Mexico Saltillo
6%
216 1,194 k South Korea Suwon
6%
485 615 k Yemen Taiz
6%
370 753 k Senegal Touba
6%
212 1,203 k Mexico Zapopan
6%
380 731 k Vietnam Can Tho
5%
243 1,059 k South Korea Changwon
5%
319 865 k Venezuela Ciudad Guayana
5%
454 640 k Colombia Cúcuta
5%
374 743 k Mexico Culiacán
5%
132 1,739 k Indonesia Depok
5%
462 636 k Ukraine Kryvyi Rih
5%
383 725 k Iraq Najaf
5%
246 1,049 k Brazil São Gonçalo
5%
196 1,290 k Indonesia South Tangerang
5%
437 658 k Brazil Uberlândia
5%
391 719 k Philippines Zamboanga
5%
465 635 k Jordan Zarqa
5%
147 1,584 k Philippines Caloocan
4%
307 887 k Brazil Duque de Caxias
4%
410 690 k Iraq Karbala
4%
278 962 k Mozambique Matola
4%
227 1,158 k Mexico Nezahualcóyotl
4%
448 650 k Mexico Reynosa
4%
424 676 k Pakistan Sialkot
4%
377 736 k Iran Urmia
4%
372 747 k South Korea Ansan
3%
358 776 k Philippines Antipolo
3%
487 613 k Indonesia Banjarmasin
3%
425 676 k Philippines Cagayan de Oro
3%
499 600 k Peru Chiclayo
3%
118 1,820 k Bangladesh Gazipur
3%
267 990 k South Korea Goyang
3%
290 937 k Kuwait Hawalli
3%
438 658 k South Korea Jeonju
3%
277 963 k Mexico Naucalpan
3%
422 680 k Iran Rasht
3%
334 839 k Japan Sakai
3%
414 686 k Indonesia Samarinda
3%
340 814 k Brazil São Bernardo do Campo
3%
285 949 k South Korea Seongnam
3%
418 682 k Mexico Tlalnepantla
3%
390 719 k Pakistan Bahawalpur
2%
331 844 k South Korea Bucheon
2%
471 629 k South Korea Cheonan
2%
335 833 k South Korea Cheongju
2%
493 606 k Turkey Gebze
2%
408 691 k Mexico Guadalupe
2%
434 661 k Saudi Arabia Hofuf
2%
473 627 k Malaysia Klang
2%
139 1,636 k Bangladesh Narayanganj
2%
352 790 k Brazil Nova Iguaçu
2%
403 698 k Brazil Osasco
2%
369 755 k Philippines Pasig
2%
421 680 k Brazil Ribeirão Preto
2%
387 721 k Japan Sagamihara
2%
392 715 k Brazil Santo André
2%
431 667 k Pakistan Sargodha
2%
254 1,026 k Egypt Shubra el-Kheima
2%
442 653 k Brazil Sorocaba
2%
344 805 k Philippines Taguig
2%
273 971 k South Korea Yongin
2%
498 601 k Philippines Bacoor
1%
445 653 k Vietnam Bien Hoa
1%
412 689 k Mexico Chimalhuacán
1%
440 656 k Brazil Contagem
1%
436 659 k Philippines Dasmariñas
1%
494 606 k South Africa Evaton
1%
327 851 k Kuwait Farwaniya
1%
478 622 k Japan Funabashi
1%
419 681 k Brazil Jaboatão dos Guararapes
1%
470 629 k South Korea Namyangju
1%
432 666 k Philippines Parañaque
1%
449 649 k Colombia Soledad
1%
382 728 k South Africa Soshanguve
1%
439 656 k Iraq Sulaymaniyah
1%
496 605 k Mexico Tlaquepaque
1%
481 620 k Philippines Valenzuela
1%
489 609 k South Korea Hwaesong
0%
405 697 k Pakistan Mingawara
0%
No matching quizzes found
Score Distribution
Percent of People with Each Score
Percentile by Number Answered
Your Score History
You have not taken this quiz